1420 1812 1285 1409 1984 1965 1314 1781 1316 1785 1013 1730 1096 1441 1158 1532 1150 1173 1334 1366 1414 1220 1806 1214 1807 1718 1048 1377 1170 1427 1363 1909 1302 1950 1664 1955 1648 1806 1175 1575 1018 1803 1742 1212 1998 1241 1598 1875 1232 1537 1140 1975 1666 1241 1800 1825 1109 1886 1808 1764 1736 1166 1155 1233 1865 1283 1261 1793 1037 1770 1850 1656 1221 1811 1638 1834 1580 1708 1041 1122 1711 1911 1664 1900 1737 1538 1263 1545 1735 1513 1930 1747 1347 1244 1395 1294 1773 1078 1909 BCNSPRNW ULIB Ver.6.0+V

เปลี่ยนเป็นภาษาไทย

Change to English
 แสดงรายละเอียดบรรณานุกรม
  กลับหน้าหลัก

Brief Record : Get Marc (ISO 2709) : E-mail record : QR code < ปิดหน้าต่าง
LEADER : 00000nam 2200000uu 4500
001    13399124894
003     ULIB
008    020711s2015 th a 000 0 eng d
020    9789749752913
060    QX4^bL471
110    Phramongkutklao College of Medicine Book Project.
245    LECTURE NOTES ON MEDICAL PARASITOLOGY/^cPhramongkutklao College of Medicine Book Project.
250    1st ed
260     ^bPhramongkutklao College of Medicine Book Project,^c2015
300    228 pages;^b25 cm
650    Medical Parasitology
700    Saovanee Leelayoova
700    Paanjit Taamasri
700    Phunlerd Piyaraj
700    Picha Suwannahitatorn
700    Mathirut Mungthin
945    ^p800^l0^i23496
945    ^p800^l0^i23497
รายการนี้ยังไม่มีแท็ก
คุณยังไม่ได้ล็อกอิน คุณสามารถมีกิจกรรมร่วมกับเว็บไซต์ได้ แต่ต้องล็อกอินก่อน ::
  ล็อกอิน

รายการสื่อสารสนเทศ

ลำดับที่ ประเภท เลขเรียก/บาร์โค้ด สถานที่ สถานะ
1. วิทยาศาสตร์การแพทย์ และสุขภาพ
วิทยาศาสตร์การแพทย์ และสุขภาพ
สถานะ=หนังสือเก่า
QX4 L471 ฉ.1 
  Barcode: 23496
ห้องสมุดวิทยาเขตนครสวรรค์
►ส่วนจัดเก็บหนังสือเก่า นว.
บนชั้น
  ขอยืม
2. วิทยาศาสตร์การแพทย์ และสุขภาพ
วิทยาศาสตร์การแพทย์ และสุขภาพ
สถานะ=หนังสือเก่า
QX4 L471 ฉ.2 
  Barcode: 23497
ห้องสมุดวิทยาเขตนครสวรรค์
►ส่วนจัดเก็บหนังสือเก่า นว.
บนชั้น
  ขอยืม

รายการใกล้เคียง
    หัวเรื่อง [Medical Parasitology]

BibComment


ยังไม่เคยถูกคอมเมนท์

คอมเมนท์ทรัพยากรรายการนี้
  คอมเมนท์: LECTURE NOTES ON ..


 Copyright 2026. Bcnsprnw @Library